<?xml version="1.0" encoding="UTF-8"?>
<record
    xmlns:xsi="http://www.w3.org/2001/XMLSchema-instance"
    xsi:schemaLocation="http://www.loc.gov/MARC21/slim http://www.loc.gov/standards/marcxml/schema/MARC21slim.xsd"
    xmlns="http://www.loc.gov/MARC21/slim">

  <leader>01005nam a2200217 a 4500</leader>
  <controlfield tag="001">74272</controlfield>
  <controlfield tag="003">BD-RjUL</controlfield>
  <controlfield tag="005">20211209082529.0</controlfield>
  <controlfield tag="008">180509s2014bg     ||||| d||| 00| 0 ben d</controlfield>
  <datafield tag="035" ind1=" " ind2=" ">
    <subfield code="a">(BD-RjUL)74490</subfield>
  </datafield>
  <datafield tag="040" ind1=" " ind2=" ">
    <subfield code="a">BD-RjUL</subfield>
    <subfield code="b">ben</subfield>
    <subfield code="c">BD-RjUL</subfield>
    <subfield code="d">BD-RjUL</subfield>
  </datafield>
  <datafield tag="041" ind1=" " ind2=" ">
    <subfield code="a">ben</subfield>
    <subfield code="a">ara</subfield>
  </datafield>
  <datafield tag="082" ind1=" " ind2=" ">
    <subfield code="2">23</subfield>
    <subfield code="a">491.4424927</subfield>
    <subfield code="b">KOR 2014</subfield>
  </datafield>
  <datafield tag="245" ind1="1" ind2=" ">
    <subfield code="a">&#x995;&#x9CB;&#x9B0;&#x986;&#x9A8;&#x9C1;&#x9B2; &#x995;&#x9BE;&#x9B0;&#x9C0;&#x9AE; &#x9A5;&#x9C7;&#x995;&#x9C7; &#x986;&#x997;&#x9A4; &#x995;&#x9BF;&#x99B;&#x9C1; &#x9AC;&#x9BE;&#x982;&#x9B2;&#x9BE; &#x9B6;&#x9AC;&#x9CD;&#x9A6;&#x9BE;&#x9AC;&#x9B2;&#x9C0; &#x9AC;&#x9BE; (&#x9B6;&#x9AC;&#x9CD;&#x9A6;&#x9A4;&#x9A4;&#x9CD;&#x9A4;&#x9CD;&#x9AC;) /</subfield>
    <subfield code="c">&#x98F;&#x9AE;, &#x986;&#x9B9;&#x9B8;&#x9BE;&#x9A8;; &#x9B8;&#x982;&#x995;&#x9B2;&#x995;</subfield>
  </datafield>
  <datafield tag="260" ind1=" " ind2=" ">
    <subfield code="a">&#x9AE;&#x9CB;&#x9B9;&#x9BE;&#x9AE;&#x9CD;&#x9AE;&#x9A6;&#x9AA;&#x9C1;&#x9B0;, &#x9A2;&#x9BE;&#x995;&#x9BE; :</subfield>
    <subfield code="b">&#x986;&#x9B9;&#x9AE;&#x9A6; &#x987;&#x995;&#x9AC;&#x9BE;&#x9B2; &#x9B9;&#x9BE;&#x9B8;&#x9BE;&#x9A8;,</subfield>
    <subfield code="c">&#x9E8;&#x9E6;&#x9E7;&#x9EA;</subfield>
  </datafield>
  <datafield tag="300" ind1=" " ind2=" ">
    <subfield code="a">&#x9E7;&#x9E6;&#x9EA; &#x9AA;&#x9C3;. ;</subfield>
    <subfield code="c">&#x9E8;&#x9E6; &#x9B8;&#x9C7;&#x9AE;&#x9BF;.</subfield>
  </datafield>
  <datafield tag="650" ind1=" " ind2=" ">
    <subfield code="a">&#x9AC;&#x9BE;&#x982;&#x9B2;&#x9BE; &#x9AD;&#x9BE;&#x9B7;&#x9BE;</subfield>
    <subfield code="9">221391</subfield>
    <subfield code="x">&#x9AC;&#x9BF;&#x9A6;&#x9C7;&#x9B6;&#x9C0; &#x9B6;&#x9AC;&#x9CD;&#x9A6; &#x98F;&#x9AC;&#x982; &#x9AC;&#x9BE;&#x995;&#x9CD;&#x9AF;&#x9BE;&#x982;&#x9B6;</subfield>
    <subfield code="v">&#x986;&#x9B0;&#x9AC;&#x9C0;</subfield>
  </datafield>
  <datafield tag="650" ind1=" " ind2=" ">
    <subfield code="a">Bengali language</subfield>
    <subfield code="9">221392</subfield>
    <subfield code="x">Foreign words and phrases</subfield>
    <subfield code="v">Arabic.</subfield>
  </datafield>
  <datafield tag="700" ind1="1" ind2=" ">
    <subfield code="a">&#x986;&#x9B9;&#x9B8;&#x9BE;&#x9A8;, &#x98F;&#x9AE;.</subfield>
    <subfield code="9">221393</subfield>
  </datafield>
  <datafield tag="942" ind1=" " ind2=" ">
    <subfield code="2">ddc</subfield>
    <subfield code="c">BK</subfield>
  </datafield>
  <datafield tag="999" ind1=" " ind2=" ">
    <subfield code="c">74272</subfield>
    <subfield code="d">74272</subfield>
  </datafield>
  <datafield tag="952" ind1=" " ind2=" ">
    <subfield code="0">0</subfield>
    <subfield code="1">0</subfield>
    <subfield code="2">ddc</subfield>
    <subfield code="4">0</subfield>
    <subfield code="7">1</subfield>
    <subfield code="8">REF</subfield>
    <subfield code="a">RUCL</subfield>
    <subfield code="b">RUCL</subfield>
    <subfield code="c">Reference</subfield>
    <subfield code="d">2017-09-17</subfield>
    <subfield code="e">Gift by Author</subfield>
    <subfield code="l">0</subfield>
    <subfield code="o">BR 491.4424927 KOR 2014</subfield>
    <subfield code="r">2018-05-09 00:00:00</subfield>
    <subfield code="t">C-1</subfield>
    <subfield code="w">2021-12-09</subfield>
    <subfield code="y">BK</subfield>
  </datafield>
  <datafield tag="952" ind1=" " ind2=" ">
    <subfield code="0">0</subfield>
    <subfield code="1">0</subfield>
    <subfield code="2">ddc</subfield>
    <subfield code="4">0</subfield>
    <subfield code="7">1</subfield>
    <subfield code="8">REF</subfield>
    <subfield code="a">RUCL</subfield>
    <subfield code="b">RUCL</subfield>
    <subfield code="c">Reference</subfield>
    <subfield code="d">2017-09-17</subfield>
    <subfield code="e">Gift by Author</subfield>
    <subfield code="l">0</subfield>
    <subfield code="o">BR 491.4424927 KOR 2014</subfield>
    <subfield code="r">2018-05-09 00:00:00</subfield>
    <subfield code="t">C-2</subfield>
    <subfield code="w">2021-12-09</subfield>
    <subfield code="y">BK</subfield>
  </datafield>
</record>
